00578 2200193 4500001002100000005001500021035002000036007000300056008004100059020001800100082001100118084001700129100001800146245009100164250002000255260003100275300004700306650003100353INLIS00000000113991920220126103223 a0010-0122005091ta220126 0 ind  a979-781-172-7 a640.09 a640.09 VIC s0 aVicci Bentley1 aSiasat jitu awet muda :bPanduan lengkap mengungkap rahasia awet muda /cVicci Bentley acetakan pertama aJakarta :bErlangga,c2005 a127 halaman :bIlustrasi berwarna ;c26 cm 4aKesejahteraan rumah tangga